KOHA-Header-6

Basic Biotechniques for Bioprocess and Bioentrepreneurship (Record no. 13747)

000 -LEADER
fixed length control field 00355nam a22001337a 4500
020 ## - INTERNATIONAL STANDARD BOOK NUMBER
ISBN 9780128161098
082 ## - DEWEY DECIMAL CLASSIFICATION NUMBER
Classification number 338
100 ## - MAIN ENTRY--AUTHOR NAME
Personal name Arvind Kumar Bhatt ; Ravi Kant Bhatia ; Tek Chand Bhalla
245 ## - TITLE STATEMENT
Title Basic Biotechniques for Bioprocess and Bioentrepreneurship
250 ## - EDITION STATEMENT
Edition statement 1st edition
260 ## - PUBLICATION, DISTRIBUTION, ETC. (IMPRINT)
Place of publication US
Name of publisher Elsevier
Year of publication 2023
300 ## - PHYSICAL DESCRIPTION
Number of Pages 518
942 ## - ADDED ENTRY ELEMENTS (KOHA)
Koha item type Books
Holdings
Withdrawn status Lost status Collection code Permanent Location Current Location Shelving location Date acquired Full call number Accession Number Koha item type
    Bio Sciences MAJU MAJU Shelf No.A36 2023-03-30 338 10840 Books
    Bio Sciences MAJU MAJU Shelf No.A36 2023-03-30 338 10841 Books
    Bio Sciences MAJU MAJU Shelf No.A36 2023-03-30 338 10842 Books

Powered by Koha